Statistiken für Alle Elektro - Pokémon aufzählen

Klicken Sie hier um das Quiz zu spielen!

Allgemein

  • Dieses Quiz wurde 8 mal gespielt
  • Das Durchschnittsergebnis liegt bei 34 aus 75

Antwortstatistiken

# Nr.Pokémon% Korrekt
#025Pikachu
100%
#135Blitza
86%
#239Elekid
86%
#125Elektek
86%
#101Lektrobal
86%
#405Luxtra
86%
#081Magnetilo
86%
#082Magneton
86%
#462Magnezone
86%
#172Pichu
86%
#026Raichu
86%
#100Voltobal
86%
#145Zapdos
86%
#181Ampharos
71%
#466Elevoltek
71%
#404Luxio
71%
#243Raikou
71%
#403Sheinux
71%
#179Voltilamm
71%
#180Waaty
71%
#075Alola - Georok
57%
#076Alola - Geowaz
57%
#074Alola - Kleinstein
57%
#522Elezeba
57%
#587Emolga
57%
#618Flunschlik
57%
#309Frizelbliz
57%
#312Minun
57%
#311Plusle
57%
#310Voltenso
57%
#642Voltolos
57%
#603Zapplalek
57%
#604Zapplarang
57%
#602Zapplardin
57%
#523Zebritz
57%
#773Amigento (Elektro)
43%
#493Arceus (Elektro)
43%
#702Dedenne
43%
#170Lampi
43%
#171Lanturn
43%
#1008Miraidon
43%
#417Pachirisu
43%
#479Rotom
43%
#596Voltula
43%
#595Wattzapf
43%
#644Zekrom
43%
#737Akkup
29%
#938Blipp
29%
#738Donarion
29%
#785Kapu - Riki
29%
#922Pamamo
29%
#921Pamo
29%
#923Pamomamo
29%
#894Regieleki
29%
#940Voltrel
29%
#796Voltriant
29%
#836Bellektro
14%
#741Choreogel (Cheerleader)
14%
#694Eguana
14%
#992Eisenhand
14%
#1021Furienblitz
14%
#880Lectragon
14%
#877Morpeko
14%
#848Toxel
14%
#835Voldi
14%
#941Voltrean
14%
#939Wampitz
14%
#807Zeraora
14%
#871Britzigel
0%
#995Eisendorn
0%
#695Elezard
0%
#881Lecryodon
0%
#849Riffex
0%
#989Sandfell
0%
#777Togedemaru
0%

Verteilung der Resultate

Perzentil nach korrekt beantworteten Fragen

Anzahl Personen mit jedem Resultat

Ihre Resultats-Entwicklung

Sie haben dieses Quiz noch nicht gespielt